| 000 | 01346nam a2200289 a 4500 | ||
|---|---|---|---|
| 001 | BRCA_8511 | ||
| 003 | FranzMayer | ||
| 005 | 20230724110005.0 | ||
| 008 | 130716s1757----sp-a######---#000-0#spa-# | ||
| 040 |
_aMFM _bspa _cMFM |
||
| 041 | _aspa | ||
| 044 | _asp | ||
| 084 |
_aBE16 _b.P58 1757 |
||
| 100 | 1 |
_aPluche, Noël Antoine _d1688-1761 _921346 |
|
| 245 | 1 | 0 |
_aEspectáculo de la naturaleza o conversaciones acerca de las particularidades de la historia natural, que han parecido más a propósito para excitar una curiosidad útil y formarles la razón a los jóvenes lectores _cescrito en idioma francés por el abad M. Pluche ; y traducido al castellano por el P. Estevan de Terreros y Pando. |
| 250 | _a2 | ||
| 260 |
_aMadrid _bEn la Oficina de Joachin Ibarra _c1757 |
||
| 300 |
_a[2], 279 p. _bil., 17 h. plegables _c20 x 14.5 cm. |
||
| 500 | _aEn portada : Dedicado a la Reyna Nuestra Señora Doña Maria Barbara | ||
| 500 | _aEstado físico : presenta deterioro provocado por el pececillo de plata | ||
| 505 | 0 | _aContenido : t.10, pte.5. Que contiene lo que mira al hombre, considerado en sí mismo | |
| 650 | 1 | 4 |
_aCiencias naturales _yObras anteriores a 1800 _921347 |
| 700 | 1 |
_aIbarra, Joaquín _d1725-1785 _eImpresor _921271 |
|
| 700 | 1 |
_aTerreros y Pando, Esteban de _d1707-1782 _etr. _921348 |
|
| 902 | _aCFM | ||
| 942 |
_2lcc _cB |
||
| 999 |
_c8177 _d8177 |
||